000 00223nam a2200097Ia 4500
005 20251222175818.0
008 251222s9999||||xx |||||||||||||| ||spa||
082 _aDVD0070/A19
245 0 _aEl erizo:Le Hérisson
942 _cDVD
999 _c40376
_d40376